MARC

LEADER 00000nas a2200000 a 4500
001 ssj0000685602
003 WaSeSS
005 20200512172242.0
006 m d
007 cr n
008 040115c19989999pl x s a 0 0pol c
010 |a  2006238293 
022 |l 1644-3586  |y 1644-3586 
035 |a (WaSeSS)ssj0000685602 
040 |a GIS  |b eng  |c GIS  |d OCLCQ  |d IUL  |d OCLCQ  |d DLC  |d WAU  |d OCLCF  |d OCLCA  |d OCLCQ  |d WaSeSS 
041 0 |a eng  |a pol 
042 |a pcc 
043 |a e-pl---  |a e------ 
050 0 0 |a D900  |b .P73  |3 zesz. 121- 
130 0 |a Prace geograficzne (Kraków, Poland) 
210 1 |a Pr. Geogr.  |b (Krak.) 
222 0 |a Prace Geograficzne  |b (Kraków) 
245 1 0 |a Prace geograficzne  |h [electronic resource]. 
260 |a Kraków :  |b Instytut Geografii Uniwersytetu Jagiellońskiego,  |c 1998- 
260 3 |3 <2002-2012> :  |a Kraków :  |b Instytut Geografii i Gospodarki Przestrzennej Uniwersytetu Jagiellońskiego 
310 |a Irregular 
362 0 |a Zesz. 103- 
500 |a Changes from monographic series to serial with zesz. 121 in 2009. 
500 |a Zesz. 103-120 are cataloged as monographs in LC.  |5 DLC 
506 |a License restrictions may limit access. 
546 |a Chiefly In English with summaries in Polish, 1998-2008; In Polish with English summaries, 2009-<2011> 
588 |a Latest issue consulted: Zesz. 128, published in 2012. 
650 0 |a Geography. 
650 0 |a Geography  |z Poland. 
650 0 |a Geography  |z Europe. 
650 0 |a Land use  |z Europe. 
650 7 |a Geography.  |2 fast  |0 (OCoLC)fst00940469 
650 7 |a Land use.  |2 fast  |0 (OCoLC)fst00991472 
651 7 |a Europe.  |2 fast  |0 (OCoLC)fst01245064 
651 7 |a Poland.  |2 fast  |0 (OCoLC)fst01206891 
655 0 |a Electronic journals. 
710 2 |a Uniwersytet Jagielloński.  |b Instytut Geografii. 
710 2 |a Uniwersytet Jagielloński.  |b Instytut Geografii i Gospodarki Przestrzennej. 
780 0 0 |t Zeszyty naukowe Uniwersytetu Jagiellońskiego. Prace Instytutu Geograficznego UJ. Prace geograficzne  |x 0083-4343  |w (DLC) 62039524  |w (OCoLC)2263296 
850 |a DLC 
856 4 0 |z Full text available from Research Library: 01/01/2012 to present  |u https://search.proquest.com/publication/1356349